00422nam a2200169 a 450000100060000000300090000600800410001502000150005604000280007108200100009910000170010924500210012626000310014730000070017865000340018565000330021921618CO-ViMGA141112s2004 ck r 000 u spa d a9580460337 aCO-ViMGAbspacCO-ViMGA aKASdo1 aKasza, Keiko10aDorotea y Miguel aBogotá : bNorma, c2000 a2914aANIMALES - CUENTOS INFANTILES14aCUENTOS INFANTILES JAPONESES